Функции информационной системы учета и анализа мнений горожан в форме голосований по вопросам развития города; Прогрессивные технологии и экономика в машиностроении

التفاصيل البيبلوغرافية
Parent link:Прогрессивные технологии и экономика в машиностроении.— 2021.— [С. 132-134]
المؤلف الرئيسي: Сакеев И. Т.
مؤلف مشترك: Национальный исследовательский Томский политехнический университет Юргинский технологический институт
مؤلفون آخرون: Чернышёва Т. Ю. Татьяна Юрьевна (научный руководитель), Важдаев А. Н. Андрей Николаевич
الملخص:Заглавие с экрана
Статья посвящена проектированию информационной системы учета и анализа мнений горожан в форме голосований по вопросам развития города. Были определены входные и выходные информации, функции.
The article is devoted to the design of an information system for recording and analyzing the opinions of citizens in the form of voting on the development of the city. Input and output information and functions were defined.
اللغة:الروسية
منشور في: 2021
سلاسل:Информационные технологии, экономика, управление
الموضوعات:
الوصول للمادة أونلاين:http://earchive.tpu.ru/handle/11683/65279
التنسيق: الكتروني فصل الكتاب
KOHA link:https://koha.lib.tpu.ru/cgi-bin/koha/opac-detail.pl?biblionumber=632765

MARC

LEADER 00000naa2a2200000 4500
001 632765
005 20231214140130.0
035 |a (RuTPU)RU\TPU\conf\34487 
035 |a RU\TPU\conf\34486 
090 |a 632765 
100 |a 20210427d2021 k y0rusy50 ca 
101 0 |a rus 
102 |a RU 
105 |a y z 101zy 
135 |a drgn ---uucaa 
181 0 |a i  
182 0 |a b 
200 1 |a Функции информационной системы учета и анализа мнений горожан в форме голосований по вопросам развития города  |f И. Т. Сакеев  |g науч. рук. Т. Ю. Чернышёва, А. Н. Важдаев 
203 |a Текст  |c электронный 
225 1 |a Информационные технологии, экономика, управление 
300 |a Заглавие с экрана 
320 |a [Библиогр.: с. 134 (5 назв.)] 
330 |a Статья посвящена проектированию информационной системы учета и анализа мнений горожан в форме голосований по вопросам развития города. Были определены входные и выходные информации, функции. 
330 |a The article is devoted to the design of an information system for recording and analyzing the opinions of citizens in the form of voting on the development of the city. Input and output information and functions were defined. 
463 0 |0 (RuTPU)RU\TPU\conf\34439  |t Прогрессивные технологии и экономика в машиностроении  |o сборник трудов XII Всероссийской научно-практической конференции для студентов и учащейся молодежи, 8-10 апреля 2021 г., Юрга  |f Национальный исследовательский Томский политехнический университет (ТПУ), Юргинский технологический институт (ЮТИ) ; под ред. С. А. Солодского  |v [С. 132-134]  |d 2021 
610 1 |a электронный ресурс 
610 1 |a труды учёных ТПУ 
610 1 |a информационные системы 
610 1 |a входная информация 
610 1 |a учет 
610 1 |a хранение 
610 1 |a голосование 
610 1 |a мнения 
610 1 |a функции 
610 1 |a information system 
610 1 |a input information 
610 1 |a output information 
610 1 |a functions 
610 1 |a accounting 
610 1 |a storage 
610 1 |a voting 
700 1 |a Сакеев  |b И. Т. 
702 1 |a Чернышёва  |b Т. Ю.  |c специалист в области информатики и вычислительной техники  |c доцент Юргинского технологического института (филиала) Томского политехнического университета, кандидат технических наук  |f 1974-  |g Татьяна Юрьевна  |4 727 
702 1 |a Важдаев  |b А. Н.  |c специалист в области информатики и вычислительной техники  |c доцент, кандидат технических наук Юргинского технологического института (филиала) Томского политехнического университета  |f 1981-  |g Андрей Николаевич  |4 727 
712 0 2 |a Национальный исследовательский Томский политехнический университет  |b Юргинский технологический институт  |c (2009- )  |3 (RuTPU)RU\TPU\col\15903 
801 2 |a RU  |b 63413507  |c 20210512  |g RCR 
856 4 |u http://earchive.tpu.ru/handle/11683/65279 
942 |c BK